Nnamdi Azikiwe Int. Airport Destinations (Abuja, Nigeria) - Statistics

General Stats
  • This quiz has been taken 45 times
    16 since last reset
  • The average score is 25 of 45
Answer Stats
Airline Destination % Correct
Ethiopian Airlines Addis Ababa
100%
Egyptair Cairo
100%
Royal Air Maroc Casablanca
100%
Qatar Airways Doha
100%
Air Peace/Emirates Dubai (International)
100%
Turkish Airlines Istanbul
100%
Air Peace London (Gatwick)
100%
Air Peace/British Airways London (Heathrow)
100%
Air Côte d'Ivoire Abidjan
94%
Africa World Arilines/United Nigeria Airlines Accra
94%
Air Algérie Algiers
94%
Lufthansa Frankfurt
94%
Aero Contractors/Air Peace/Arik Air/Azman Air/Enugu Air/Green Africa Airways/Ibom Air/Max Air/Overland Airways/United Nigeria Airlines/ValueJet Lagos
94%
Air France Paris (Charles de Gaulle)
94%
Uganda Airlines Entebbe
81%
Air Peace/Azman Air/Max Air/Overland Airways/ValueJet Kano
81%
ASKY Airlines Lomé
81%
Air France/ASKY Airlines N'Djamena
75%
Aero Contractors/Air Peace/Arik Air/Azman Air Benin City
69%
Air Algérie/Air Côte d'Ivoire Douala
69%
Air Peace Niamey
69%
Aero Contractors/Air Peace/Arik Air Port Harcourt
69%
ASKY Airlines/Azman Air Yaoundé
69%
Air Peace/Overland Airways Ibadan
63%
Air Peace/Enugu Air/United Nigeria Airlines Enugu
56%
Max Air Maiduguri
31%
Air Peace/United Nigeria Airlines Onitsha
31%
Aero Contractors Sokoto
31%
Air Peace Warri
25%
Air Peace/Overland Airways Calabar
19%
Air Peace Gombe
19%
Air Peace/Arik Air/Overland Airways Ilorin
19%
Max Air/Overland Airways Jos
19%
Aero Contractors/Arik Air/Max Air/Overland Airways Bauchi
13%
Overland Airways Jalingo
13%
Max Air/Overland Airways Katsina
13%
Air Peace Kebbi
13%
Overland Airways Minna
13%
Aero Contractors/Air Peace/United Nigeria Airlines Owerri
13%
Air Peace/Overland Airways Akure
6%
Air Peace/Overland Airways/United Nigeria Airlines Asaba
6%
Overland Airways Dutse
6%
Aero Contractors/Ibom Air Uyo
6%
Ibom Air/United Nigeria Airlines Yenagoa
6%
Aero Contractors/Air Peace/Arik Air/Ibom Air/Max Air/ValueJet Yola
6%
No matching quizzes found
Score Distribution
Percent of People with Each Score
Percentile by Number Answered
Your Score History
You have not taken this quiz since the last reset